00247nam a2200097Ia 4500082000800000245002700008100004700035942000700082008004100089999001900130 aHEI 0aDwalinge van die hart  a HEINE, Mike Pretoria, 1992 96377 cBK210817s9999 xx 000 0 und d c394518d394517